Central Library OPAC University of Rajshahi

عالم اسلام کی اخلاقی صورت حال # # ʻĀlam-i Islām kī aḵẖlāqī ṣūrat-i ḥāl / (Record no. 80443)

MARC details
000 -LEADER
fixed length control field 00699nam a22001813i 4500
003 - CONTROL NUMBER IDENTIFIER
rucl marc code BD-RjUL
005 - DATE AND TIME OF LATEST TRANSACTION
control field 20220927104105.0
008 - FIXED-LENGTH DATA ELEMENTS--GENERAL INFORMATION
fixed length control field 201214s1996 ii ||| | urd d
035 ## - SYSTEM CONTROL NUMBER
System control number (BD-RjUL)
040 ## - CATALOGING SOURCE
Original cataloging agency UkOxU
Language of cataloging eng
Description conventions rda
Transcribing agency UkOxU
041 ## - LANGUAGE CODE
Language code of text/sound track or separate title urd
082 ## - DEWEY DECIMAL CLASSIFICATION NUMBER
Edition number 23
Classification number 909.09767
245 00 - TITLE STATEMENT
Title عالم اسلام کی اخلاقی صورت حال # # ʻĀlam-i Islām kī aḵẖlāqī ṣūrat-i ḥāl /
Statement of responsibility, etc. اسرار عالم. # # Asrār ʻĀlam.
264 #1 - PRODUCTION, PUBLICATION, DISTRIBUTION, MANUFACTURE, AND COPYRIGHT NOTICE
Place of production, publication, distribution, manufacture نئی دہلی : Naʼī Dihlī :
Name of producer, publisher, distributor, manufacturer Qāẓī Pablisharz ainḍ Ḍisṭrībiyūṭarz, قاضی پبلشرز اينڈ ڈسٹري بيوٹرز،
Date of production, publication, distribution, manufacture, or copyright notice 1996.
300 ## - PHYSICAL DESCRIPTION
Pagination 455 pages ;
Size 23 cm
650 ## - SUBJECT ADDED ENTRY--TOPICAL TERM
Topical term or geographic name as entry element Islam
942 ## - ADDED ENTRY ELEMENTS (KOHA)
Source of classification or shelving scheme Dewey Decimal Classification
Koha item type Books
Holdings
Lost status Source of classification or shelving scheme Damaged status Not for loan Collection code Permanent Location Current Location Shelving location Date acquired Source of acquisition Total Checkouts Full call number Date last seen Copy number Koha item type
  Dewey Decimal Classification   Not For Loan Non-fiction Central Library, University of Rajshahi Central Library, University of Rajshahi Reading Room 04/01/2008 Future group , new delhi   U 909.09767 ALA 1992 27/09/2022 C-1 Books